Bước đầu xây dựng bộ câu hỏi trắc nghiệm khác quan MCQ để kiểm tra - đánh giá nhằm nâng cao chất lượng dạy và học phần sinh học tế bào, sinh học 10 nâng cao - THPT

Tình hình nghiên cứu và sử dụng câu hỏi trắc nghiệm vào kiểm tra - đánh giá trên thế giới và ở Việt Nam...Đối tượng, khách thể và phương pháp nghiên cứu. Kết quả và biện luận.

Gardado en:
Detalles Bibliográficos
Autor Principal: Nguyễn, Thị Thu Hoài (Tác giả)
Outros autores: Đỗ Thị Trường Th.S (Hướng dân)
Formato: Libro
Idioma:Vietnamese
Publicado: Đại học Đà Nẵng ĐH Sư phạm 2010
Những chủ đề:
Các nhãn: Engadir etiqueta
Sen Etiquetas, Sexa o primeiro en etiquetar este rexistro!
Thư viện lưu trữ: Mạng thư viện Đại học Đà Nẵng
LEADER 01669nam a2200361 4500
001 000011451
003 7698
005 20120204150216.0
008 120204s2010 viesd
041 |a vie 
072 |a Khóa luận tốt nghiệp 
082 |a 570.071  |b NG-H 
100 |a Nguyễn, Thị Thu Hoài  |e Tác giả 
245 |a Bước đầu xây dựng bộ câu hỏi trắc nghiệm khác quan MCQ để kiểm tra - đánh giá nhằm nâng cao chất lượng dạy và học phần sinh học tế bào, sinh học 10 nâng cao - THPT  |c Nguyễn Thị Thu Hoài 
260 |a Đại học Đà Nẵng  |b ĐH Sư phạm  |c 2010 
300 |a 65 tr.  |b Bảng  |c 29 cm 
500 |a Khóa luận tốt nghiệp khoa Sinh - Môi trường 
520 |a Tình hình nghiên cứu và sử dụng câu hỏi trắc nghiệm vào kiểm tra - đánh giá trên thế giới và ở Việt Nam...Đối tượng, khách thể và phương pháp nghiên cứu. Kết quả và biện luận. 
653 |a Xây dựng 
653 |a Bộ câu hỏi trắc nghiệm 
653 |a Sinh học 10 nâng cao 
653 |a THPT 
700 |a Đỗ Thị Trường  |c Th.S  |e Hướng dân 
OWN |a LSP 
AVA |a UDN50  |b LSP  |d 570.071 NG-H  |e available  |t Error 5001 Not defined in file expand_doc_bib_avail.  |f 1  |g 0  |h N  |i 0  |k 1 
999 |a From the UDN01 
AVA |a UDN50  |b LSP  |d 570.071 NG-H  |e available  |t Error 5001 Not defined in file expand_doc_bib_avail.  |f 1  |g 0  |h N  |i 0  |k 1 
TYP |a Monograph 
TYP |a Printed language 
980 |a Mạng thư viện Đại học Đà Nẵng